Statistics for Significant Other Tracklist (Limp Bizkit)

Click here to take the quiz!

General Stats

  • This quiz has been taken 11 times
  • The average score is 13 of 16

Answer Stats

HintAnswer% Correct
4Break Stuff
100%
6I'm Broke
100%
2Just Like This
100%
3Nookie
100%
99 Teen 90 Nine
88%
1Intro
88%
10N2 Gether Now
88%
7Nobody Like You
88%
15Outro
88%
5Re-Arranged
88%
13Show Me What You Got
88%
14A Lesson Learned
75%
11Trust?
75%
12No Sex
50%
8Don't Go Off Wondering
38%
16Rant (Matt Pinfield)
25%

Score Distribution

Percentile by Number Answered

Percent of People with Each Score

Your Score History

You have not taken this quiz